|
|
|
|
| LEADER |
00000nam a2200000 a 4500 |
| 001 |
vtls008833271 |
| 003 |
SK-MaSNL |
| 005 |
20260426002135.0 |
| 008 |
160830s2006 xo oa g 000 0bslo |
| 015 |
|
|
|a SNBA2006/07-04020
|
| 020 |
|
|
|a 8096948741 (brož.)
|
| 035 |
|
|
|a 40E414BC-4B22-4B4E-8FD6-1415CCE7CE21
|
| 035 |
|
|
|a urn:nbn:sk:snk-aml19h
|
| 035 |
|
|
|a urn:nbn:sk:snk-am008mut
|
| 040 |
|
|
|a SNK
|b slo
|c SNK
|e AACR2
|
| 041 |
0 |
|
|a slo
|
| 044 |
|
|
|a xo
|c SK
|
| 072 |
|
7 |
|a 929
|x Biografie
|2 konspekt
|
| 072 |
|
7 |
|a 37
|x Výchova a vzdelávanie
|2 konspekt
|
| 080 |
|
|
|a 37.011.3-055.2
|2 2001
|
| 080 |
|
|
|a (092)
|2 2001
|
| 080 |
|
|
|a (041)
|2 2001
|
| 080 |
|
|
|a 929
|2 2001
|
| 245 |
0 |
0 |
|a Kratučké objatia
|b spomienky na Želmíru Tarcalovú
|c zostavila: Ivana Poláková ; grafická úprava: Igor Štrbík ; spolupráca pri vydaní: Peter Cabadaj, Radoslav Ondrašovič, Emil Rišian ; jazyk. spolupráca: Viera Jesenská
|
| 250 |
|
|
|a [1. vyd.]
|
| 260 |
|
|
|a Martin
|b [Ivana Poláková]
|c 2006
|
| 300 |
|
|
|a 47 s.
|b [23] s. text a fotogr. príl.
|c 21 cm
|
| 500 |
|
|
|a Ilustr. na front.
|
| 500 |
|
|
|a Vydavateľ podľa ISBN
|
| 600 |
1 |
7 |
|a Tarcalová, Želmíra,
|d 1910-2005
|2 SNKMA
|9 195125
|
| 648 |
|
7 |
|a 20.-21. stor.
|2 SNKPH
|9 270701
|
| 650 |
0 |
7 |
|a učiteľky
|2 SNKPH
|9 58149
|
| 651 |
|
7 |
|a Slovensko
|2 SNKPH
|9 14231
|
| 655 |
|
7 |
|a biografie
|2 SNKPH
|9 27965
|
| 700 |
1 |
|
|a Poláková, Ivana,
|d 1969-
|4 com
|9 213111
|
| 700 |
1 |
|
|a Štrbík, Igor,
|d 1964-
|4 bkd
|9 102927
|
| 700 |
1 |
|
|a Cabadaj, Peter,
|d 1966-
|4 clb
|9 98153
|
| 700 |
1 |
|
|a Ondrašovič, Radoslav
|4 clb
|9 367962
|
| 700 |
1 |
|
|a Rišian, Emil,
|d 1968-
|4 clb
|9 105937
|
| 700 |
1 |
|
|a Jesenská, Viera
|4 oth
|9 476401
|
| 919 |
|
|
|a 80-969487-4-1
|
| 958 |
|
|
|a OND
|
| 999 |
|
|
|c 910897
|d 912827
|
| 952 |
|
|
|a SNK
|b SNK
|y PREZ
|7 0
|p 17A0517470
|o snkSC 124290
|i snk2006/14725
|8 0
|0 0
|1 0
|4 0
|d 2006-07-25
|f 1
|l 0
|r 2025-06-06 00:00:00
|w 2026-02-24
|
| 952 |
|
|
|a SNK
|b SNK
|y VYP
|7 0
|p 17A0517440
|o snkSC 124290 D1
|i snk2006/14726
|8 0
|0 0
|1 0
|4 0
|d 2006-07-25
|l 0
|r 2026-02-24 07:42:48
|w 2026-02-24
|